000
00356nam a22001697a 4500
005
20260618095612.0
020
_a
9788198547804
041
_a
English
082
_a
T10 R25 JEE
100
_a
Jeevabharathy K
245
_a
Sarithiram Pesugiradhu
250
_a
01
260
_a
Chennai
_b
NCBH
_c
2025
300
_a
140
365
_b
130.00
942
_c
BK
999
_c
177928
_d
177928